| 000 | nam a22 7a 4500 | ||
|---|---|---|---|
| 999 |
_c137344 _d137342 |
||
| 005 | 20171016125859.0 | ||
| 008 | 171016b ag||||| |||| 00| 0 spa d | ||
| 050 | 0 | 4 |
_aBF683 _bM33 1972 |
| 100 | 1 | _aMadsen, K. B. | |
| 245 | 1 | 0 |
_aTeorías de la motivación : _bUn estudio comparativo de las teorías modernas de la motivación _cK. B. Madsen ; tr. Jorge Platigorski |
| 260 |
_aBuenos Aires : _bPaidos, _c1972 |
||
| 300 |
_a381 p. _c23 cm |
||
| 440 | 0 |
_aBiblioteca Psicologías del Siglo XX _n13 |
|
| 500 | _aTraducción de : Theories of motivation | ||
| 650 | 4 |
_aMotivación _xPsicología |
|
| 700 | 1 | _a Platigorski, Jorge tr. | |
| 942 |
_2lcc _cLIB |
||